[Event "BCF-ch 5-day op AM Week 2"]
[Site "Torquay"]
[Date "2013.08.07"]
[Round "3"]
[White "Toll, Alec J"]
[Black "Kreuzer, Christopher RL"]
[Result "1/2-1/2"]
[WhiteElo "2027"]
[BlackElo "1934"]
[PlyCount "37"]
[EventDate "2013.08.05"]
[EventType "swiss"]
[EventRounds "5"]
[EventCountry "ENG"]
[SourceTitle "EXT 2023"]
[Source "ChessBase"]
[SourceDate "2022.10.05"]
[SourceVersion "1"]
[SourceVersionDate "2022.10.05"]
[SourceQuality "1"]

1. d4 Nf6 2. Nf3 e6 3. g3 c5 4. c3 d5 5. Bg2 Nc6 6. 0-0 Bd6 7. Nbd2 0-0 8. Re1 e5 9. dxe5 Nxe5 10. Nxe5 Bxe5 11. Nf3 Bd6 12. Bg5 Be6 13. e4 dxe4 14. Bxf6 Qxf6 15. Nd2 Bf5 16. Bxe4 Qg6 17. Qf3 Bxe4 18. Nxe4 Be7 19. Rad1 1/2-1/2

[Event "NATO-ch 22nd"]
[Site "Kaunas"]
[Date "2011.08.11"]
[Round "6"]
[White "Giua, Frederic"]
[Black "Toll, Alec J"]
[Result "1-0"]
[WhiteElo "2235"]
[BlackElo "2070"]
[PlyCount "83"]
[EventDate "2011.08.08"]
[EventType "swiss"]
[EventRounds "7"]
[EventCountry "LTU"]
[SourceTitle "CBM 143 Extra"]
[Source "ChessBase"]
[SourceDate "2011.08.29"]
[SourceVersion "1"]
[SourceVersionDate "2011.08.29"]
[SourceQuality "1"]

1. Nf3 f5 2. d4 Nf6 3. h3 d6 4. g4 fxg4 5. hxg4 Bxg4 6. Ng5 Bf5 7. Nc3 d5 8. e4 dxe4 9. Qe2 c6 10. Qc4 e6 11. Bh3 Nd5 12. Nxe6 Bxe6 13. Bxe6 Bb4 14. Bd2 Bxc3 15. bxc3 Qd6 16. Bxd5 cxd5 17. Qb5+ Qc6 18. Rb1 0-0 19. Qxb7 Qxb7 20. Rxb7 Nc6 21. Rh5 Rad8 22. Rc7 Rd6 23. Bc1 Rf7 24. Rc8+ Nd8 25. Re5 Rfd7 26. Ba3 Ra6 27. Be7 Rc6 28. Rxd8+ Rxd8 29. Bxd8 Rxc3 30. Kd2 Rf3 31. Bh4 Ra3 32. Rxd5 Rxa2 33. Re5 h6 34. Rxe4 g5 35. Bg3 Ra5 36. Re6 h5 37. Re5 Rxe5 38. Bxe5 Kf7 39. f3 Ke6 40. Kd3 h4 41. Ke4 a5 42. d5+ 1-0

[Event "NATO-ch 22nd"]
[Site "Kaunas"]
[Date "2011.08.09"]
[Round "3"]
[White "Toll, Alec J"]
[Black "Adkins, James D"]
[Result "1-0"]
[WhiteElo "2070"]
[BlackElo "2016"]
[PlyCount "77"]
[EventDate "2011.08.08"]
[EventType "swiss"]
[EventRounds "7"]
[EventCountry "LTU"]
[SourceTitle "CBM 143 Extra"]
[Source "ChessBase"]
[SourceDate "2011.08.29"]
[SourceVersion "1"]
[SourceVersionDate "2011.08.29"]
[SourceQuality "1"]

1. Nf3 Nf6 2. g3 g6 3. Bg2 Bg7 4. 0-0 0-0 5. d4 d5 6. c3 c6 7. Nbd2 Nbd7 8. Re1 Nh5 9. e4 dxe4 10. Nxe4 f5 11. Qb3+ Kh8 12. Neg5 Qe8 13. Ne6 Nb6 14. Nxf8 Qxf8 15. Ng5 h6 16. Nf7+ Kh7 17. a4 e6 18. Ne5 Nf6 19. a5 Nbd5 20. Bd2 f4 21. Qc2 Qe8 22. c4 fxg3 23. hxg3 Ne7 24. Ra3 Nf5 25. Rd3 Nd7 26. Bc3 Nxe5 27. dxe5 Bf8 28. Red1 Be7 29. Be4 Qf8 30. g4 Ng7 31. Rf3 Qe8 32. Kg2 b6 33. Rh1 h5 34. gxh5 Nf5 35. hxg6+ Kg8 36. Bxf5 exf5 37. Rfh3 Qxg6+ 38. Rg3 Bg5 39. f4 1-0

[Event "NATO-ch 21st"]
[Site "Koge"]
[Date "2010.10.18"]
[Round "1"]
[White "Toll, Alec J"]
[Black "Geerts, Luc"]
[Result "0-1"]
[WhiteElo "2095"]
[BlackElo "1514"]
[PlyCount "70"]
[EventDate "2010.10.18"]
[EventType "swiss"]
[EventRounds "7"]
[EventCountry "DEN"]
[SourceTitle "EXT 2011"]
[Source "ChessBase"]
[SourceDate "2010.11.26"]
[SourceVersion "1"]
[SourceVersionDate "2010.11.26"]
[SourceQuality "1"]

1. d4 d5 2. Bg5 Nf6 3. Nc3 e6 4. Qd2 Be7 5. 0-0-0 b6 6. Bxf6 Bxf6 7. e4 c6 8. e5 Be7 9. f4 a5 10. Nf3 b5 11. Bd3 Na6 12. g4 Nb4 13. Be2 Bd7 14. Rdf1 Qb6 15. Kb1 g6 16. Nd1 c5 17. Ne3 c4 18. f5 Nc6 19. h4 b4 20. h5 g5 21. h6 a4 22. f6 Bf8 23. Rd1 b3 24. Bxc4 dxc4 25. Nxc4 bxa2+ 26. Ka1 Qb5 27. d5 Qxc4 28. dxc6 Bxc6 29. Rhf1 Bd5 30. Nd4 Bb4 31. c3 Ba5 32. Nc2 Rb8 33. Ne3 Rxb2 34. Kxb2 Qb3+ 35. Ka1 Bxc3+ 0-1

[Event "NATO-ch 18th"]
[Site "Ankara"]
[Date "2007.09.06"]
[Round "6"]
[White "Toll, Alec J"]
[Black "Hole, Oystein"]
[Result "0-1"]
[WhiteElo "2102"]
[BlackElo "2400"]
[PlyCount "58"]
[EventDate "2007.09.01"]
[EventType "swiss"]
[EventRounds "7"]
[EventCountry "TUR"]
[SourceTitle "EXT 2008"]
[Source "ChessBase"]
[SourceDate "2007.11.25"]
[SourceVersion "1"]
[SourceVersionDate "2007.11.25"]
[SourceQuality "1"]
[WhiteTeam "England"]
[BlackTeam "Norway"]
[WhiteTeamCountry "ENG"]
[BlackTeamCountry "NOR"]

1. d4 d5 2. Bg5 h6 3. Bh4 c6 4. Nc3 Bf5 5. e4 dxe4 6. Bc4 Nd7 7. f3 e3 8. Nge2 Ngf6 9. Ng3 Bh7 10. Nf1 Qb6 11. Bb3 g5 12. Bg3 Nh5 13. Nxe3 Nxg3 14. hxg3 Bg7 15. Ne2 Bg6 16. c3 0-0-0 17. f4 e6 18. Nc4 Qc7 19. Bc2 c5 20. Bxg6 fxg6 21. Rc1 gxf4 22. Nxf4 g5 23. Ne2 Rhf8 24. Rf1 Qc6 25. Ne3 Qe4 26. Qd2 Ne5 27. Rd1 cxd4 28. cxd4 Nc6 29. Qc2 Qxe3 0-1

[Event "NATO-ch 15th"]
[Site "The Hague"]
[Date "2004.08.14"]
[Round "7"]
[White "Wantiez, Fabrice"]
[Black "Toll, Alec J"]
[Result "1-0"]
[WhiteElo "2207"]
[BlackElo "2091"]
[PlyCount "65"]
[EventDate "2004.08.08"]
[EventType "swiss"]
[EventRounds "7"]
[EventCountry "NED"]
[SourceTitle "CBM 101 Extra"]
[Source "ChessBase"]
[SourceDate "2004.09.01"]
[SourceVersion "2"]
[SourceVersionDate "2004.09.01"]
[SourceQuality "1"]

1. e4 Nc6 2. d4 d5 3. e5 Bf5 4. c3 e6 5. Ne2 f6 6. f4 h5 7. Ng3 Bg4 8. Qb3 h4 9. Qxb7 Na5 10. Qb5+ c6 11. Qd3 Ne7 12. Be2 Bxe2 13. Nxe2 Nf5 14. 0-0 c5 15. dxc5 Bxc5+ 16. Kh1 Nc6 17. exf6 gxf6 18. Nd2 Kf7 19. Nb3 Qb6 20. Nxc5 Qxc5 21. b4 Qb6 22. a4 a6 23. Rf3 Rab8 24. Be3 Nxe3 25. Rxe3 d4 26. Nxd4 Nxd4 27. cxd4 Rbd8 28. f5 e5 29. Qb3+ Kg7 30. dxe5 fxe5 31. Rxe5 Qd6 32. Rae1 h3 33. Re7+ 1-0

[Event "NATO-ch 15th"]
[Site "The Hague"]
[Date "2004.08.09"]
[Round "2"]
[White "Toll, Alec J"]
[Black "Schott, Guido"]
[Result "1-0"]
[WhiteElo "2091"]
[BlackElo "2195"]
[PlyCount "99"]
[EventDate "2004.08.08"]
[EventType "swiss"]
[EventRounds "7"]
[EventCountry "NED"]
[SourceTitle "CBM 101 Extra"]
[Source "ChessBase"]
[SourceDate "2004.09.01"]
[SourceVersion "2"]
[SourceVersionDate "2004.09.01"]
[SourceQuality "1"]

1. d4 d6 2. g3 g6 3. Bg2 Bg7 4. Nf3 Nf6 5. 0-0 0-0 6. Nbd2 Nc6 7. c3 Rb8 8. Ne1 e5 9. e3 Re8 10. f3 exd4 11. exd4 Bf5 12. Nc4 Nd5 13. Nc2 Bxc2 14. Qxc2 b5 15. f4 Ndb4 16. Qd1 bxc4 17. a3 Nxd4 18. axb4 Nb5 19. f5 c6 20. Qf3 d5 21. f6 Bf8 22. h4 Qd7 23. Bf4 Bd6 24. Rae1 Rxe1 25. Rxe1 Re8 26. Rxe8+ Qxe8 27. Bxd6 Nxd6 28. Qf4 Nf5 29. Kf2 h5 30. Bh3 Qe4 31. Bxf5 gxf5 32. Qg5+ Kf8 33. Qg7+ Ke8 34. Qg8+ Kd7 35. Qxf7+ Kd8 36. Qxh5 f4 37. Qh8+ Kc7 38. Qg7+ Kb6 39. Qe7 fxg3+ 40. Kxg3 Qg6+ 41. Kf4 Qh6+ 42. Ke5 Qxh4 43. Kd6 Qh2+ 44. Qe5 Qh7 45. Qe3+ Ka6 46. Qe7 Qh1 47. f7 d4 48. f8Q Qd5+ 49. Kc7 d3 50. Qb8 1-0

[Event "NATO-ch 14th"]
[Site "Hoevelte"]
[Date "2003.09.11"]
[Round "6"]
[White "Engelen, Johan HHM"]
[Black "Toll, Alec J"]
[Result "1/2-1/2"]
[WhiteElo "1976"]
[BlackElo "2100"]
[PlyCount "64"]
[EventDate "2003.09.08"]
[EventType "swiss"]
[EventRounds "7"]
[EventCountry "DEN"]
[SourceTitle "CBM 096 Extra"]
[Source "ChessBase"]
[SourceDate "2003.10.22"]
[SourceVersion "2"]
[SourceVersionDate "2003.10.20"]
[SourceQuality "1"]

1. c4 e5 2. g3 Nc6 3. Bg2 f5 4. d3 Nf6 5. Nc3 Bb4 6. e4 fxe4 7. dxe4 Bxc3+ 8. bxc3 d6 9. Nf3 Be6 10. Nd2 0-0 11. 0-0 Na5 12. Qe2 Qd7 13. Re1 Qf7 14. Bf1 Nd7 15. a4 c5 16. Rb1 Nb6 17. f4 exf4 18. e5 f3 19. Nxf3 Qxf3 20. Qxf3 Rxf3 21. Bg2 Rxc3 22. exd6 Re8 23. Bd2 Rb3 24. Bxa5 Rxb1 25. Rxb1 Nxc4 26. Bc7 b6 27. Bc6 Rc8 28. d7 Bxd7 29. Bxd7 Rxc7 30. Be6+ Kf8 31. Bxc4 Ke7 32. Rf1 Ke8 1/2-1/2

[Event "NATO-ch 13th"]
[Site "Brest"]
[Date "2002.10.08"]
[Round "2.31"]
[White "Toll, Alec J"]
[Black "Dilek, Cihan"]
[Result "1/2-1/2"]
[WhiteElo "2100"]
[BlackElo "1840"]
[PlyCount "48"]
[EventDate "2002.10.07"]
[EventType "swiss"]
[EventRounds "7"]
[EventCountry "FRA"]
[SourceTitle "EXT 2003"]
[Source "ChessBase"]
[SourceDate "2002.11.25"]
[SourceVersion "1"]
[SourceVersionDate "2002.11.25"]
[SourceQuality "1"]

1. d4 Nf6 2. Bg5 Ne4 3. Bf4 d5 4. f3 Nf6 5. Nc3 e6 6. e4 a6 7. Bd3 c5 8. Bxb8 Rxb8 9. e5 Nd7 10. f4 cxd4 11. Nce2 Bb4+ 12. Kf2 Bc5 13. Nf3 0-0 14. Rf1 f5 15. exf6 Nxf6 16. Ne5 Qc7 17. Kg1 Bd6 18. Kh1 Bxe5 19. fxe5 Qxe5 20. Nxd4 Qd6 21. Qd2 h6 22. Rad1 Bd7 23. Qe2 Nh7 24. Nf3 Rf6 1/2-1/2

[Event "NATO-ch 13th"]
[Site "Brest"]
[Date "2002.10.??"]
[Round "4.26"]
[White "Toll, Alec J"]
[Black "Parisse, Denis"]
[Result "1-0"]
[WhiteElo "2100"]
[BlackElo "1910"]
[PlyCount "75"]
[EventDate "2002.10.07"]
[EventType "swiss"]
[EventRounds "7"]
[EventCountry "FRA"]
[SourceTitle "EXT 2003"]
[Source "ChessBase"]
[SourceDate "2002.11.25"]
[SourceVersion "1"]
[SourceVersionDate "2002.11.25"]
[SourceQuality "1"]

1. d4 Nf6 2. Bg5 e6 3. e4 c5 4. e5 h6 5. Bc1 Ne4 6. d5 Qh4 7. Be3 Nxf2 8. Bxf2 Qb4+ 9. Nd2 Qxb2 10. Ngf3 exd5 11. Bd3 Nc6 12. 0-0 Be7 13. c4 0-0 14. cxd5 Nxe5 15. Nxe5 Qxe5 16. Nc4 Qb8 17. Bg3 d6 18. a4 b6 19. Qe2 Qb7 20. Rae1 Bf6 21. Bxd6 Qxd5 22. Bxf8 Ba6 23. Rxf6 Rxf8 24. Rd6 Qg5 25. Qe7 f5 26. Qxg5 hxg5 27. Re7 f4 28. Rdd7 Rf6 29. Rxg7+ Kf8 30. Rh7 Kg8 31. Rxa7 b5 32. Ra8+ Rf8 33. Rxf8+ Kxf8 34. axb5 Bxb5 35. Rh5 Ke7 36. Rxg5 Bxc4 37. Bxc4 Kd6 38. h4 1-0

[Event "NATO-ch 10th"]
[Site "Stetten"]
[Date "1999.09.17"]
[Round "7.16"]
[White "Toll, Alec J"]
[Black "Parisse, Denis"]
[Result "1/2-1/2"]
[WhiteElo "2110"]
[BlackElo "1930"]
[PlyCount "27"]
[EventDate "1999.09.13"]
[EventType "swiss"]
[EventRounds "7"]
[EventCountry "GER"]
[SourceTitle "EXT 2008"]
[Source "ChessBase"]
[SourceDate "2007.11.25"]
[SourceVersion "1"]
[SourceVersionDate "2007.11.25"]
[SourceQuality "1"]

1. d4 Nf6 2. Bg5 e6 3. Nf3 c5 4. e3 cxd4 5. Bxf6 gxf6 6. exd4 Bg7 7. c3 b6 8. Qa4 Bb7 9. Nbd2 0-0 10. Bd3 f5 11. 0-0-0 Qc7 12. Kb1 a5 13. Ka1 Na6 14. Bxa6 1/2-1/2

[Event "NATO-ch 10th"]
[Site "Stetten"]
[Date "1999.09.16"]
[Round "6.9"]
[White "Toll, Alec J"]
[Black "Engelen, Johan HHM"]
[Result "0-1"]
[WhiteElo "2110"]
[BlackElo "1953"]
[PlyCount "95"]
[EventDate "1999.09.13"]
[EventType "swiss"]
[EventRounds "7"]
[EventCountry "GER"]
[SourceTitle "EXT 2008"]
[Source "ChessBase"]
[SourceDate "2007.11.25"]
[SourceVersion "1"]
[SourceVersionDate "2007.11.25"]
[SourceQuality "1"]

1. Nc3 d5 2. e4 e6 3. g3 d4 4. Nce2 e5 5. Bg2 Nc6 6. d3 Nf6 7. f4 Bd6 8. Nf3 Bg4 9. c3 Bxf3 10. Bxf3 0-0 11. 0-0 Bc5 12. Kh1 a5 13. g4 exf4 14. Bxf4 Nd7 15. Ng3 Nde5 16. Be2 Ng6 17. Bd2 Qd7 18. Rf5 Nce5 19. Qf1 Rfe8 20. Rd1 Ra6 21. Qh3 Ba7 22. Rh5 Nf8 23. Bf4 Rae6 24. Nf5 c5 25. c4 Bb8 26. Rf1 b6 27. Bd1 Neg6 28. Bd2 Be5 29. g5 Kh8 30. Bb3 Qc7 31. Qg4 f6 32. Rf3 fxg5 33. Bxg5 Bf6 34. Rfh3 Bxg5 35. Rxg5 Qf4 36. Rxg6 Nxg6 37. Qxf4 Nxf4 38. Rf3 Ng6 39. h4 Ne5 40. Rg3 Rg6 41. Rxg6 Nxg6 42. Nd6 Re6 43. Nf7+ Kg8 44. Ng5 Rf6 45. Kg2 Nxh4+ 46. Kg3 Ng6 47. Ba4 Ne5 48. Ne6 0-1

[Event "NATO-ch 10th"]
[Site "Stetten"]
[Date "1999.09.14"]
[Round "2.9"]
[White "Toll, Alec J"]
[Black "Tommasini, Enzo"]
[Result "1/2-1/2"]
[WhiteElo "2110"]
[BlackElo "2200"]
[PlyCount "39"]
[EventDate "1999.09.13"]
[EventType "swiss"]
[EventRounds "7"]
[EventCountry "GER"]
[SourceTitle "EXT 2008"]
[Source "ChessBase"]
[SourceDate "2007.11.25"]
[SourceVersion "1"]
[SourceVersionDate "2007.11.25"]
[SourceQuality "1"]

1. d4 e6 2. Nf3 f5 3. c4 Nf6 4. Nc3 c6 5. Bg5 d5 6. e3 Bd6 7. Ne5 0-0 8. Bd3 Qe8 9. f3 Nbd7 10. Bf4 Nh5 11. g3 Qe7 12. h4 Bxe5 13. dxe5 Nxf4 14. gxf4 Qc5 15. Qe2 Nb6 16. b3 a5 17. a3 Rd8 18. Kf2 Bd7 19. h5 Be8 20. h6 1/2-1/2